| 000 | 00375nam a2200145Ia 4500 | ||
|---|---|---|---|
| 008 | 231217s9999 xx 000 0 und d | ||
| 041 | _aEnglish | ||
| 082 | _a001.642 DHA;1 | ||
| 100 | _aDhamdhere, D M. | ||
| 245 | 0 | _aSystems programming and operating systems | |
| 260 |
_c1993 _bTMH, |
||
| 300 | _a541 | ||
| 650 | _aSystems programming Operating systems | ||
| 942 | _cAA | ||
| 999 |
_c162649 _d162649 |
||